Najgęściej zaludnione miasta woj. świętokrzyskiego - Statystyki

Ogólne statystyki
  • Ten quiz został rozwiązany 10 razy
  • Średni wynik to 10 z 13
Statystyki odpowiedzi
Gęstość zaludnienia (os/km²) Miasto % Poprawnych
1677,02 Kielce
100%
752,39 Sandomierz
100%
649,08 Skarżysko-Kamienna
100%
1413,95 Starachowice
100%
1187,95 Busko-Zdrój
90%
1356,45 Ostrowiec Świętokrzyski
90%
637,29 Opatów
80%
1258,40 Jędrzejów
70%
995,99 Końskie
70%
686,88 Pińczów
70%
779,42 Sędziszów
50%
820,52 Kazimierza Wielka
30%
546,98 Ożarów
20%
Nie znaleziono quizów pasujących do podanych kryteriów
Rozkład punktacji
Procent ludzi z każdym wynikiem
Percentyl według liczby udzielonych odpowiedzi
Twoja historia wyników
Nie rozwiązałeś tego quizu